Lenguaje musical: ritmo curso primero
Na minha lista:
| Autor principal: | |
|---|---|
| Formato: | Livro |
| Idioma: | espanhol |
| Publicado em: |
Valencia
Piles, Editorial de Música
1993
|
| Assuntos: | |
| Tags: |
Adicionar Tag
Sem tags, seja o primeiro a adicionar uma tag!
|
MARC
| LEADER | 00000nam a2200000 a 4500 | ||
|---|---|---|---|
| 001 | UCY3498 | ||
| 003 | CL-VaPUC | ||
| 008 | 950103e19930000SP |||||||||||||||||spa|d | ||
| 082 | 0 | 4 | |a 372.87 |b BAR |2 21 |
| 100 | 0 | |a Barceló Amorós, José Luis |e author |9 331787 | |
| 245 | 1 | 0 | |a Lenguaje musical: ritmo curso primero |
| 300 | |a 102 p | ||
| 942 | |c BK | ||
| 945 | |d 19950103 00:00:00 |a mfernand | ||
| 260 | |a Valencia |b Piles, Editorial de Música |c 1993 | ||
| 500 | |a Metodología de acuerdo con la L.O.G.S.E | ||
| 650 | 0 | |a Música estudio e instrucción |9 306355 | |
| 650 | 7 | |a RITMO MUSICAL |2 CL-VaPUC |9 331788 | |
| 583 | |a last modification |c 19950103 00:00:00 |k Rodrigo Vera | ||
| 999 | |c 231613 |d 231611 | ||
| 952 | |0 0 |1 0 |4 0 |6 372_870000000000000_BAR_1993 |7 0 |8 A |9 235046 |a BIBEDU |b BIBEDU |d 2019-11-15 |i 3046532 |o 372.87 BAR 1993 |p 3046532 |r 2023-01-12 |w 2019-11-15 |y BK |k MUS | ||